Anatomía del realismo

Gardado en:
Detalles Bibliográficos
Autor Principal: Sastre, Alfonso (Author)
Formato: Libro
Idioma:Lingua castelá
Publicado: Barcelona Seix Barral 1965
Series:Biblioteca Breve
Subjects:
Tags: Engadir etiqueta
Sen Etiquetas, Sexa o primeiro en etiquetar este rexistro!

MARC

LEADER 00000nam a2200000 a 4500
001 UCT1718
003 CL-VaPUC
008 961004e19650000SP |||||||||||||||||spa|d
082 0 4 |a 860.9  |b SAS  |2 21 
100 0 |a Sastre, Alfonso  |e author  |9 326776 
245 1 0 |a Anatomía del realismo 
300 |a 259 p 
942 |c BK 
945 |d 19961004 00:00:00  |a rleighto 
260 |a Barcelona  |b Seix Barral  |c 1965 
650 0 |a Literatura española  |9 306261 
650 7 |a REALISMO EN LA LITERATURA  |2 CL-VaPUC  |9 316222 
650 0 |a Crítica literaria   |9 269189 
650 0 |a Literatura  |9 259151 
650 0 |a Drama  |9 265034 
650 0 |a Tragedia   |9 345955 
650 0 |a Teatro  |9 265385 
650 0 |a Naturalismo  |9 346334 
650 0 |a Estética   |9 264950 
650 0 |a Sociedad  |9 307903 
650 0 |a Dialéctica  |9 257902 
583 |a last modification  |c 19961004 00:00:00  |k Rodrigo Vera 
490 0 |a Biblioteca Breve 
999 |c 252173  |d 252171 
952 |0 0  |1 0  |4 0  |6 860_900000000000000_SAS_1965  |7 0  |8 A  |9 271887  |a BIBEDU  |b BIBEDU  |d 2019-11-19  |i 3233995  |o 860.9 SAS 1965  |p 3233995  |r 2019-11-19  |w 2019-11-19  |y BK  |k LIT